000 004930000a22001810004500
003 MACL
005 20151227122828.0
008 151227b xxu||||| |||| 00| 0 eng d
040 _aMACL
_cmacl
041 _aEnglish
082 _a000/DES
100 _aDesai, Makarand
_923068
245 _aThe Smugglers Of Truth
_bSelections from Satyavani
260 _bThe Friends of India Society International
_c1978
_aU.S.A
350 _a25
650 _aGeneralities
_91354
942 _cBK
_k000/DES
_2ddc
999 _c38349
_d38349